000 00857nma a22001937a 4500
003 NALT
005 20251002142922.0
006 g q ||
008 th tha d
040 _a์NALT
041 _atha
090 _aCD 2473
245 1 0 _aรายงานประจำปี 2557 การนิคมอุตสาหกรรมแห่งประเทศไทย /
_cการนิคมอุตสาหกรรมแห่งประเทศไทย.
260 _aกรุงเทพฯ :
_bการนิคมอุตสาหกรรมแห่งประเทศไทย,
_cม.ป.ป..
300 _a1 แผ่น :
_bSd., Col.
610 2 4 _aการนิคมอุตสาหกรรมแห่งประเทศไทย
_91957
850 _aNALT
942 _cCD
_2local
999 _c74136
_d74136
998 _j104
_k นางสาวสายฝน ดีงาม